Personaggi famosi nati a Genova - Statistics

Statistiche generali
  • Questo quiz è stato fatto 141 volte
  • Il punteggio medio è 13 su 25
Statistiche sulle risposte
con Immagini Risposta % Corretto
Fabrizio De André
95%
Arisa
93%
Beppe Grillo
88%
Paolo Villaggio
85%
Maurizio Crozza
83%
Olly
79%
Alfa
72%
Cristoforo Colombo
72%
Luca e Paolo
70%
Renzo Piano
53%
Tedua
52%
Vittorio Gassman
52%
Carmen Russo
48%
Moana Pozzi
48%
Sabrina Salerno
45%
Enzo Tortora
38%
Giuseppe Mazzini
38%
Niccolò Paganini
35%
Eugenio Montale
34%
Ivano Fossati
20%
Palmiro Togliatti
20%
Gilberto Govi
18%
Goffredo Mameli
16%
Nino Bixio
10%
Leon Battista Alberti
4%
Nessun quiz corrispondente trovato
Distribuzione punteggi
Percentuale di utenti per punteggio
Percentile per numero di risposta
I tuoi punteggi nel tempo
Non hai fatto questo quiz